02099nam a2200277 4500001000400000003000400004005001700008008004100025040000800066041001300074082001500087100003600102240002800138245009700166260004200263300001100305520133400316650002501650650003001675650002201705650001301727650001501740655001201755655001601767700003801783159OSt20250528074013.0250129b |||||||e |||| 00| 1 eng d bpor hengapor a813bC592o1 aClark, Mary Higgins,d1927-2020 aWhere are the children? aOnde estão as crianças? /cClark, Mary Higgins ; Tradução de Magali Garcindo de Sá aSão PaulobCírculo do Livroc1992 a176 p. a"Onde estão as crianças?" foi o primeiro romance policial lançado por Mary Higgins Clark. "Onde estão as crianças?" é a história de uma mulher cujo passado guarda um terrível segredo. Em um tribunal da Califórnia, Nancy Harmon foi considerada culpada pelo assassinato de seus dois filhos, mas foi libertada da prisão por uma questão técnica do julgamento. Decidida a começar uma nova vida, ela muda a identidade e deixa São Francisco, procurando a tranqüilidade de Cape Cod, no litoral de Massachusetts. Sete anos após o julgamento, Nancy está novamente casada e tem dois filhos: Michael e Missy. Enfim ela sente que conseguiu recuperar tudo o que havia perdido. E é então que o pesadelo recomeça. Um jornal local de Cape Cod publica um artigo sobre um famoso caso de assassinato na Califórnia que envolveu uma mãe acusada de matar os dois filhos. Na matéria, há uma foto de Nancy. Na mesma manhã, Michael e Missy desaparecem. As crianças estavam brincando no quintal quando desaparecem... E a única pista é uma luva vermelha de Missy. Enquanto Nancy se torna a principal suspeita do desaparecimento dos filhos, ninguém na pequena cidade de Cape Cod está ciente de um estranho em seu meio, alguém cujos planos para se vingar vêm sendo alimentados há sete anos.  0aLiteratura Americana 0aCrime e Investigação  0aRomance Policial  0aSuspense 0aMistério 0aRomance 0aFicção  aMagali Garcindo de SáeTradutor